Caribbean quest / (Record no. 6614)

MARC details
000 -LEADER
fixed length control field 00832cam a22002771a 4500
001 - CONTROL NUMBER
control field 7957556
003 - CONTROL NUMBER IDENTIFIER
control field GBCCL
005 - DATE AND TIME OF LATEST TRANSACTION
control field 20241126110607.0
008 - FIXED-LENGTH DATA ELEMENTS--GENERAL INFORMATION
fixed length control field 840308s1960 tnubfo 000 0 eng
010 ## -
-- 60009541
035 ## - SYSTEM CONTROL NUMBER
System control number (OCoLC)10497856
040 ## - CATALOGING SOURCE
Original cataloging agency DLC
Transcribing agency NmPE
Modifying agency DLC
042 ## -
-- premarc
043 ## -
-- cc-----
050 00 -
-- BV2831
-- .P3
082 ## - DEWEY DECIMAL CLASSIFICATION NUMBER
Classification number 266
Item number PAT
100 1# - MAIN ENTRY--PERSONAL NAME
Personal name Patterson, Frank Willard.
9 (RLIN) 11828
245 10 - TITLE STATEMENT
Title Caribbean quest /
Statement of responsibility, etc. Frank Willard Patterson.
260 ## - PUBLICATION, DISTRIBUTION, ETC.
Place of publication, distribution, etc. Nashville, Tenn. :
Name of publisher, distributor, etc. Convention Press,
Date of publication, distribution, etc. c1960.
300 ## - PHYSICAL DESCRIPTION
Extent 136 p., 6 leaves of plates :
Other physical details map, photos. ;
Dimensions 18 cm.
490 0# - SERIES STATEMENT
Series statement Foreign mission graded series ;
Volume/sequential designation 1960
650 #0 - SUBJECT ADDED ENTRY--TOPICAL TERM
Topical term or geographic name entry element Missions
Geographic subdivision Caribbean Area.
9 (RLIN) 11829
650 #0 - SUBJECT ADDED ENTRY--TOPICAL TERM
Topical term or geographic name entry element Baptists
General subdivision Missions.
9 (RLIN) 2908
906 ## - LOCAL DATA ELEMENT F, LDF (RLIN)
a 7
b cbc
c oclcrpl
d u
e ncip
f 19
g y-gencatlg
942 ## - ADDED ENTRY ELEMENTS (KOHA)
Source of classification or shelving scheme Dewey Decimal Classification
Koha item type Books
Holdings
Withdrawn status Lost status Source of classification or shelving scheme Damaged status Not for loan Home library Current Library Shelving location Date acquired Total checkouts Full call number Barcode Date last seen Copy number Price effective from Koha item type
    Dewey Decimal Classification     GRACE BIBLE COLLEGE GRACE BIBLE COLLEGE Ministry & Mission 2018-05-21   266 PAT 008793 2025-05-01 c.1 2018-05-21 Books
© Grace Bible College Library 2025